| 000 -LEADER |
| fixed length control field |
01377 a2200337 4500 |
| 003 - CONTROL NUMBER IDENTIFIER |
| control field |
OSt |
| 005 - DATE AND TIME OF LATEST TRANSACTION |
| control field |
20180116192342.0 |
| 008 - FIXED-LENGTH DATA ELEMENTS--GENERAL INFORMATION |
| fixed length control field |
120530t xxu||||| |||| 00| 0 eng d |
| 010 ## - LIBRARY OF CONGRESS CONTROL NUMBER |
| LC control number |
2003020043 |
| 020 ## - INTERNATIONAL STANDARD BOOK NUMBER |
| International Standard Book Number |
1580931308 |
| 020 ## - INTERNATIONAL STANDARD BOOK NUMBER |
| International Standard Book Number |
981580931304 |
| 040 ## - CATALOGING SOURCE |
| Transcribing agency |
0 |
| 082 00 - DEWEY DECIMAL CLASSIFICATION NUMBER |
| Classification number |
709.2241 |
| 100 1# - MAIN ENTRY--PERSONAL NAME |
| Personal name |
Smithson, Alison Margaret. |
| 9 (RLIN) |
2558 |
| 245 14 - TITLE STATEMENT |
| Title |
The charged void--urbanism / |
| Statement of responsibility, etc. |
Alison and Peter Smithson. |
| 260 ## - PUBLICATION, DISTRIBUTION, ETC. |
| Place of publication, distribution, etc. |
New York, N.Y : |
| Name of publisher, distributor, etc. |
Monacelli Press, |
| Date of publication, distribution, etc. |
2005. |
| 300 ## - PHYSICAL DESCRIPTION |
| Extent |
351 p. : |
| Other physical details |
ill. ; |
| Dimensions |
28 cm. |
| 500 ## - GENERAL NOTE |
| General note |
Companion volume to The charged void--architecture. |
| 500 ## - GENERAL NOTE |
| General note |
Includes index. |
| 600 10 - SUBJECT ADDED ENTRY--PERSONAL NAME |
| Personal name |
Smithson, Alison Margaret |
| General subdivision |
Themes, motives. |
| 9 (RLIN) |
2559 |
| 600 10 - SUBJECT ADDED ENTRY--PERSONAL NAME |
| Personal name |
Smithson, Peter, |
| Dates associated with a name |
1923-2003 |
| General subdivision |
Themes, motives. |
| 9 (RLIN) |
2560 |
| 650 #0 - SUBJECT ADDED ENTRY--TOPICAL TERM |
| Topical term or geographic name entry element |
City planning |
| General subdivision |
History |
| Chronological subdivision |
20th century |
| 9 (RLIN) |
2561 |
| 650 #0 - SUBJECT ADDED ENTRY--TOPICAL TERM |
| Topical term or geographic name entry element |
Architecture, Modern |
| Chronological subdivision |
20th century |
| 9 (RLIN) |
2562 |
| 700 1# - ADDED ENTRY--PERSONAL NAME |
| Personal name |
Smithson, Peter, |
| Dates associated with a name |
1923-2003. |
| 9 (RLIN) |
2563 |
| 700 1# - ADDED ENTRY--PERSONAL NAME |
| Personal name |
Smithson, Alison Margaret. |
| 9 (RLIN) |
2564 |
| 856 41 - ELECTRONIC LOCATION AND ACCESS |
| Materials specified |
Table of contents |
| Uniform Resource Identifier |
<a href="http://www.loc.gov/catdir/toc/ecip048/2003020043.html">http://www.loc.gov/catdir/toc/ecip048/2003020043.html</a> |
| 856 41 - ELECTRONIC LOCATION AND ACCESS |
| Materials specified |
Contributor biographical information |
| Uniform Resource Identifier |
<a href="http://www.loc.gov/catdir/enhancements/fy0835/2003020043-b.html">http://www.loc.gov/catdir/enhancements/fy0835/2003020043-b.html</a> |
| 856 41 - ELECTRONIC LOCATION AND ACCESS |
| Materials specified |
Publisher description |
| Uniform Resource Identifier |
<a href="http://www.loc.gov/catdir/enhancements/fy0835/2003020043-d.html">http://www.loc.gov/catdir/enhancements/fy0835/2003020043-d.html</a> |
| 942 ## - ADDED ENTRY ELEMENTS (KOHA) |
| Institution code [OBSOLETE] |
SADA |
| Koha item type |
Book |
| Call number prefix |
709.2214 SMI 2005 |
| Source of classification or shelving scheme |
|